[Event "Bermuda Chess Cup 2017"]
[Site "Bermuda"]
[Date "2017.10.17"]
[Round "1.1"]
[White "Warren, Jamel"]
[Black "Green, Omar"]
[Result "1-0"]
[WhiteElo "1502"]
[BlackElo "1506"]

1.e4 e6 2.d4 d5 3.exd5 exd5 4.c4 c6 5.cxd5 cxd5 6.Bb5+ Bd7 7.Qe2+ Be7 8.Bxd7+
Nxd7 9.Qb5 Qb6 10.Qxd5 Ngf6 11.Qc4 O-O 12.Nc3 Rfe8 13.Nge2 Rac8 14.Qd3 Bd6
15.O-O Qc7 16.Ng3 Re7 17.Bg5 h6 18.Bxf6 Nxf6 19.Nb5 Qb6 20.Nxd6 Qxd6 21.Nf5
Qd7 22.Nxe7+ Qxe7 23.Rfe1 Qd6 24.h3 Rd8 25.Rad1 Qd5 26.b3 a5 27.Re5 Qc6
28.Rxa5 Nd5 29.Rc5 Qe6 30.Kf1 Nf4 31.Qf3 Re8 32.Re5 Qa6+ 33.Kg1 Ne6 34.d5 Nc7
35.Rxe8+ Nxe8 36.a4 Nd6 37.Qd3 Qa8 38.Re1 Kf8 39.Qe3 Qd8 40.Qf4 g5 41.Qe5 Kg8
42.Qe7 Qb8 43.Qf6 Kh7 44.Re7 Qd8 45.b4 Kg8 46.a5 Kf8 47.Re6 Qxf6 48.Rxf6 Ke7
49.Rxh6 f6 50.g4 Nf7 51.Rh7 Kf8 52.h4 Kg8 53.Rxf7 Kxf7 54.hxg5 fxg5 55.b5 Ke7
56.a6 bxa6 57.bxa6 {#r} 1-0

[Event "Bermuda Chess Cup 2017"]
[Site "Bermuda"]
[Date "2017.10.17"]
[Round "1.1"]
[White "Dacres, Don"]
[Black "Davis, Brian"]
[Result "1-0"]
[WhiteElo "1750"]
[BlackElo "1416"]

1.e4 d6 2.d4 e6 3.Nf3 h6 4.c4 Nf6 5.Nc3 b6 6.Be2 Bb7 7.d5 e5 8.b4 g5 9.b5 g4
10.Nd2 h5 11.a4 Nfd7 12.Nb3 Qe7 13.a5 Nc5 14.Nxc5 bxc5 15.a6 Bc8 16.h3 f5
17.hxg4 fxg4 18.Be3 Nd7 19.Bxg4 Nb6 20.Be2 Qg7 21.Rxh5 Rxh5 22.Bxh5+ Kd8
23.Qe2 Qxg2 24.O-O-O Be7 25.f4 Qh3 26.Rg1 Bf8 27.fxe5 Nxc4 28.Bg5+ Kd7 29.Bg4+
Qxg4 30.Qxg4+ {#r} 1-0

[Event "Bermuda Chess Cup 2017"]
[Site "Bermuda"]
[Date "2017.10.24"]
[Round "1.2"]
[White "Davis, Brian"]
[Black "Dacres, Don"]
[Result "0-1"]
[WhiteElo "1465"]
[BlackElo "1750"]

1.e4 e6 2.d4 d5 3.e5 c5 4.c3 Nc6 5.Be3 Nge7 6.Bd3 Nf5 7.Bxf5 exf5 8.Nf3 cxd4
9.cxd4 Bb4+ 10.Nc3 Be6 11.Ng5 O-O 12.Qh5 h6 13.Nh3 a6 14.O-O Be7 15.g3 b5
16.Kh1 Rc8 17.Rg1 Qe8 18.Nf4 Bg5 19.Nfxd5 f6 20.Qxe8 Rcxe8 21.f4 b4 22.Nc7
bxc3 23.Nxe6 Rxe6 24.d5 Rxe5 25.fxe5 Bxe3 26.Rge1 Bd2 27.dxc6 Bxe1 28.Rxe1
cxb2 29.Rb1 fxe5 30.Rxb2 Rc8 31.Rb6 a5 32.Kg2 Kf7 33.Kf3 Ke6 34.c7+ Kd7 35.Rg6
Rg8 36.Ra6 Kxc7 37.Rxa5 Kd6 38.a4 Rc8 39.Ke3 g5 40.Rb5 f4+ 41.gxf4 gxf4+
42.Kd3 Rc5 43.Rb4 Kd5 44.Re4 f3 45.Re1 Ra5 46.Re4 f2 {#r} 0-1

[Event "Bermuda Chess Cup 2017"]
[Site "Bermuda"]
[Date "2017.10.31"]
[Round "2.1"]
[White "Dacres, Don"]
[Black "Casanova, Rey"]
[Result "1-0"]
[WhiteElo "1750"]
[BlackElo "1676"]

1.d4 e6 2.c4 Bb4+ 3.Bd2 Bxd2+ 4.Qxd2 Nf6 5.Nc3 O-O 6.e4 d6 7.Nf3 Nc6 8.Be2 e5
9.d5 Ne7 10.b4 b6 11.O-O a6 12.a4 Bb7 13.Rfd1 Nd7 14.Rab1 Rb8 15.Ne1 h6 16.Nd3
Ng6 17.g3 Bc8 18.Bg4 Nf6 19.Bxc8 Qxc8 20.f4 exf4 21.gxf4 Qg4+ 22.Qg2 Qh5
23.Rf1 Rfe8 24.Rbe1 Nh4 25.Qe2 Qg6+ 26.Kh1 Qg4 27.Qxg4 Nxg4 28.f5 g5 29.fxg6
fxg6 30.Rf4 h5 31.h3 g5 32.Rff1 Nh6 33.e5 dxe5 34.Nxe5 Rf8 35.Nd7 Rxf1+
36.Rxf1 Re8 37.Nf6+ Kf7 38.Nxe8+ Kxe8 39.Ne4 Ke7 40.Nxg5 N6f5 41.Re1+ Kf6
42.Ne4+ Ke5 43.Ng3+ Kd4 44.Nxf5+ Nxf5 45.Kg2 Kxc4 46.Re5 Nh4+ 47.Kg3 Ng6
48.Rg5 h4+ 49.Kg4 Nf8 50.Rg7 Kxb4 51.Rxc7 Kxa4 52.d6 Ne6 53.d7 b5 54.Rc6 Nd8
55.Rxa6+ Kb4 56.Ra8 Ne6 57.Re8 {#r} 1-0

[Event "Bermuda Chess Cup 2017"]
[Site "Bermuda"]
[Date "2017.10.31"]
[Round "2.1"]
[White "Gontcharov, Serguei"]
[Black "Cabral, Daniel"]
[Result "1-0"]
[WhiteElo "1872"]
[BlackElo "1613"]

1.e4 c5 2.c3 Nf6 3.e5 Nd5 4.Nf3 e6 5.Bc4 d6 6.d4 cxd4 7.cxd4 Nc6 8.O-O Be7
9.Nc3 Nxc3 10.bxc3 Qc7 11.Qe2 dxe5 12.dxe5 O-O 13.Qe4 Rd8 14.Bd3 g6 15.h4 b6
16.h5 Bb7 17.hxg6 hxg6 18.Qe2 Rac8 19.Bf4 Na5 20.Rac1 Nc4 21.Nd4 a6 22.Rfe1
Bc5 23.Bxc4 Bxd4 24.cxd4 Rxd4 25.Bxe6 Qxc1 26.Bxf7+ Kxf7 27.Bxc1 {#r} 1-0

[Event "Bermuda Chess Cup 2017"]
[Site "Bermuda"]
[Date "2017.11.07"]
[Round "2.2"]
[White "Casanova, Rey"]
[Black "Dacres, Don"]
[Result "0-1"]
[WhiteElo "1676"]
[BlackElo "1750"]

1.e4 c5 2.Nf3 g6 3.Bc4 Bg7 4.O-O Nf6 5.d3 Nc6 6.c3 O-O 7.e5 Ng4 8.d4 cxd4
9.cxd4 d5 10.Bb3 Nh6 11.Nc3 Be6 12.Ng5 Nf5 13.Nxe6 fxe6 14.Ne2 Qb6 15.Be3 Nxe3
16.fxe3 Bh6 17.Rxf8+ Rxf8 18.Qd2 Nxe5 19.Rf1 Rxf1+ 20.Kxf1 Ng4 21.Nf4 Nxh2+
22.Kg1 Ng4 23.Qc3 Bxf4 24.exf4 Qc6 25.Qd2 Nh6 26.Bc2 Qb6 27.Bb1 Nf7 28.g4 e5
29.fxe5 Nxe5 30.Qc3 Qxd4+ 31.Qxd4 Nf3+ 32.Kf2 Nxd4 33.Ke3 e5 34.b4 Kf7 35.a4
Ke6 36.Bd3 Nc6 37.b5 Nb8 38.a5 Nd7 39.Be2 g5 40.Bd1 d4+ 41.Kd3 b6 42.axb6 Nc5+
43.Kc4 axb6 44.Be2 d3 45.Bd1 Ne4 46.Ba4 d2 47.Bc2 Nf2 48.Bf5+ Kd6 {#R} 0-1

[Event "Bermuda Chess Cup 2017"]
[Site "Bermuda"]
[Date "2017.11.07"]
[Round "2.2"]
[White "Cabral, Daniel"]
[Black "Gontcharov, Serguei"]
[Result "0-1"]
[WhiteElo "1613"]
[BlackElo "1872"]

1.e4 c5 2.Nf3 e6 3.c3 Nf6 4.e5 Nd5 5.d4 cxd4 6.cxd4 b6 7.Nc3 Bb7 8.Bd3 d6
9.O-O Be7 10.Ne4 Nc6 11.Re1 dxe5 12.dxe5 h6 13.a3 O-O 14.b4 Rc8 15.Bb2 Nf4
16.Bc2 Qxd1 17.Bxd1 Nd3 18.Re2 Nxb2 19.Rxb2 Nxe5 20.Nxe5 Bxe4 21.Rd2 Bf6 22.f4
Rfd8 23.Raa2 Rxd2 24.Rxd2 Bxe5 25.fxe5 Kf8 26.Kf2 Ke7 27.Be2 Rc3 28.a4 Bd5
29.g3 Ra3 30.Bb5 a6 31.Bxa6 Rxa4 32.b5 Rb4 33.Ke3 Re4+ 34.Kf2 Rxe5 35.Rc2 Kd7
36.Rc8 Rf5+ 37.Kg1 e5 38.Rb8 Rf6 39.Bb7 Bxb7 40.Rxb7+ Kc8 41.Re7 Rf5 42.Kg2
Kd8 43.Rb7 Rf6 44.Ra7 e4 45.Ra3 Kc7 46.Re3 Re6 47.Kf2 f5 48.Rc3+ Kd7 49.Ke3 g5
50.h3 h5 51.h4 gxh4 52.gxh4 Re5 53.Rb3 Rd5 54.Kf4 Ke6 55.Rb4 Kf6 56.Rb3 Rd3
57.Rxd3 exd3 58.Ke3 d2 59.Kxd2 Ke5 60.Ke3 f4+ 61.Kf3 Kf5 62.Kg2 Kg4 63.Kf2
Kxh4 64.Kf3 Kg5 65.Kg2 Kg4 66.Kh2 Kf3 67.Kg1 Ke2 {#r} 0-1

[Event "Bermuda Chess Cup 2017"]
[Site "Bermuda"]
[Date "2017.10.31"]
[Round "2.1"]
[White "Mufandaedza, Moses"]
[Black "Warren, Jamel"]
[Result "1-0"]
[WhiteElo "1924"]
[BlackElo "1506"]

1.e4 e5 2.Nf3 Nc6 3.Bb5 Nf6 4.Qe2 d6 5.h3 Bd7 6.c3 g6 7.Bc4 Na5 8.Bd3 Bg7
9.O-O O-O 10.Bc2 c5 11.d4 cxd4 12.cxd4 exd4 13.Nxd4 Re8 14.Nf3 Rc8 15.Nc3 Nc4
16.Rb1 a6 17.Rd1 Qe7 18.Qd3 b5 19.Bg5 Bc6 20.Nd4 Bxe4 21.Nxe4 Qxe4 22.Qg3 Qe5
23.Bf4 Qc5 24.b3 Ne5 25.b4 Qb6 26.Rbc1 Nh5 27.Qh4 Bf6 28.Bg5 Bxg5 29.Qxg5 f6
30.Bb3+ Nf7 31.Qd5 Qa7 32.Rxc8 Rxc8 33.Qxd6 Qc7 34.Qxa6 Rb8 35.Qe6 f5 36.Nc6
Kf8 37.Rd7 {#r} 1-0

[Event "Bermuda Chess Cup 2017"]
[Site "Bermuda"]
[Date "2017.11.07"]
[Round "2.2"]
[White "Warren, Jamel"]
[Black "Mufandaedza, Moses"]
[Result "0-1"]
[WhiteElo "1506"]
[BlackElo "1924"]

1.e4 e5 2.Nf3 Nf6 3.Nc3 Bb4 4.d3 d5 5.exd5 Nxd5 6.Bd2 O-O 7.Nxd5 Bxd2+ 8.Qxd2
Qxd5 9.Be2 h6 10.O-O Nc6 11.Rfe1 Bf5 12.a3 Rfe8 13.c4 Qd6 14.b4 a6 15.Qc3 Rad8
16.Rad1 Nd4 17.Nxd4 Qxd4 18.Qxd4 Rxd4 19.Rd2 e4 20.Red1 Red8 21.c5 exd3 22.Bf3
c6 23.h3 Rc4 24.g4 Bg6 25.Kg2 Rc3 26.Ra1 Kf8 27.Kg3 Rd4 28.Bg2 Rc2 29.Rdd1 d2
30.f4 Rdc4 31.Kf2 Rc1 32.Ke2 Rxa1 33.Rxa1 Rc1 {#R} 0-1

[Event "Bermuda Chess Cup 2017"]
[Site "Bermuda"]
[Date "2017.11.14"]
[Round "3.1"]
[White "Gontcharov, Serguei"]
[Black "Lill, Sami"]
[Result "0-1"]
[WhiteElo "1872"]
[BlackElo "1850"]

1.e4 Nc6 2.Nf3 f5 3.exf5 d5 4.Bb5 Bxf5 5.O-O Nf6 6.d4 a6 7.Ba4 b5 8.Bb3 Qd6
9.Nh4 Bg4 10.f3 Bc8 11.Nc3 Na5 12.Re1 g6 13.Qd3 Bg7 14.Bd2 Nxb3 15.axb3 c6
16.Ne2 O-O 17.Bf4 Qd8 18.Qe3 Ra7 19.Bh6 Qd6 20.Bxg7 Kxg7 21.g4 h6 22.Ng2 Rc7
23.Nef4 Kf7 24.Qd3 Rg8 25.Re2 c5 26.c3 g5 27.Nh3 Rg7 28.Rae1 Kg8 29.Ne3 e6
30.Nf1 Rcf7 31.Ng3 Re7 32.Kg2 Bd7 33.Nf2 Be8 34.Qe3 h5 35.dxc5 Qf4 36.h3 hxg4
37.fxg4 Qc7 38.Nd3 Bc6 39.Kf2 Ne4+ 40.Nxe4 Qh2+ 41.Kf1 Qh1+ 42.Qg1 Qxh3+
43.Qg2 Qxd3 44.Nf2 Qg6 45.Kg1 Rh7 46.Qg3 Rh6 47.Qb8+ Re8 48.Qe5 d4 49.cxd4 Qh7
50.Qxg5+ Rg6 51.Qh5 Qxh5 {#R} 0-1

[Event "The Bermuda Chess Cup 2017"]
[Site "BHC"]
[Date "2017.11.15"]
[Round "3.1"]
[White "Mufandaedza, Moses"]
[Black "Dacres, Don"]
[Result "1-0"]
[WhiteElo "1929"]
[BlackElo "1750"]

1.d4 Nf6 2.c4 e6 3.Nf3 c5 4.d5 d6 5.Nc3 Be7 6.e4 exd5 7.cxd5 O-O 8.h3 a6 9.a4
b6 10.Bd3 h6 11.O-O a5 12.Re1 Na6 13.Bf4 Nb4 14.Bb1 Ba6 15.Nb5 Bxb5 16.axb5
Re8 17.Ra3 Qd7 18.Qe2 Bf8 19.Qc4 Rad8 20.Bd2 Rc8 21.Rae3 g5 22.Nxg5 hxg5
23.Rg3 Bg7 24.Rxg5 Re5 25.Rg3 Nh5 26.Rg4 Nf6 27.Rg3 Nh5 28.Ra3 Rce8 29.Rf1
R5e7 30.Qe2 Nf6 31.Rg3 Nxe4 32.Qh5 Nxg3 33.Qh7+ Kf8 34.Bh6 Ne2+ 35.Kh1 {#r}
1-0

[Event "the    bermuda chess cup 2017"]
[Site "BHC"]
[Date "2017.11.22"]
[Round "3.2"]
[White "Dacres, Don"]
[Black "Mufandaedza, Moses"]
[Result "1/2-1/2"]
[WhiteElo "1750"]
[BlackElo "1929"]

1.e4 e5 2.Nf3 Nf6 3.d4 Nxe4 4.Bd3 d5 5.Nxe5 Be6 6.O-O Nc6 7.Nxc6 bxc6 8.Re1
Nd6 9.b3 Qh4 10.Be3 g6 11.Nd2 Bg7 12.Nf3 Qg4 13.h3 Qh5 14.Ng5 Qxd1 15.Raxd1
O-O 16.Nxe6 fxe6 17.a4 Nf5 18.Bxf5 Rxf5 19.Rd3 e5 20.g4 Rf3 21.Kg2 e4 22.Rc3
Rf6 23.b4 a6 24.Rb1 Bf8 25.Bg5 Re6 26.Bf4 Rb8 27.b5 axb5 28.axb5 Bg7 29.Rd1
Rxb5 30.Bxc7 Kf7 31.Rb3 Rxb3 32.cxb3 Re7 33.Bd6 Rb7 34.b4 Bf8 35.Bc5 Bxc5
36.bxc5 Kf6 37.h4 h6 38.f4 Rb2+ 39.Kg3 Rb3+ 40.Kg2 Rb2+ 41.Kg3 Rb3+ 42.Kg2
Rb2+ 43.Kg3 Rb3+ 44.Kg2 {#d} 1/2-1/2

[Event "Bermuda Chess Cup 2017"]
[Site "BHC"]
[Date "2017.11.21"]
[Round "3.2"]
[White "Lill, Sami"]
[Black "Gontcharov, Serguei"]
[Result "1-0"]
[WhiteElo "1837"]
[BlackElo "1821"]

1.e4 c5 2.d3 d6 3.f4 g6 4.Nf3 Bg7 5.Be2 Nc6 6.O-O e6 7.Nc3 Nge7 8.Qe1 d5 9.Bd2
O-O 10.Qh4 Nd4 11.Nxd4 cxd4 12.Nd1 dxe4 13.dxe4 Nc6 14.Qxd8 Rxd8 15.Nf2 e5
16.Bc4 Be6 17.Be2 Rac8 18.Nd3 b6 19.fxe5 Nxe5 20.Nxe5 Bxe5 21.Bd3 Rc7 22.Bf4
Bxf4 23.Rxf4 Rc5 24.b3 b5 25.Kf2 a5 26.Ke2 Rdc8 27.Kd2 Re5 28.Rc1 Re8 29.Re1
Bf5 30.Bxb5 Rxb5 31.exf5 Rxe1 32.Kxe1 gxf5 33.Rxd4 Kg7 34.c4 Re5+ 35.Kd2 Re6
1-0

[Event "Bermuda Chess Cup 2017"]
[Site "Bermuda"]
[Date "2017.11.26"]
[Round "4.1"]
[White "Dacres, Don"]
[Black "Gontcharov, Serguei"]
[Result "0-1"]
[WhiteElo "1750"]
[BlackElo "1872"]

1.f4 c5 2.e3 Nc6 3.Nf3 d5 4.b3 Nf6 5.Bb2 Bg4 6.Be2 e6 7.O-O Be7 8.c4 O-O 9.h3
Bxf3 10.Bxf3 d4 11.Bxc6 bxc6 12.exd4 cxd4 13.d3 c5 14.Nd2 a5 15.g4 Qc7 16.Qf3
a4 17.b4 a3 18.Bc1 cxb4 19.Ne4 Nxe4 20.Qxe4 Rfd8 21.Bd2 Rab8 22.Rab1 Qb7
23.Rb3 Qxe4 24.dxe4 Rdc8 25.Rfb1 Rxc4 26.Rxa3 Rc2 27.Bxb4 Bf8 28.Rab3 Rxa2
29.Bxf8 Rxb3 30.Rxb3 Kxf8 31.Rb8+ Ke7 32.e5 d3 33.Rb7+ Ke8 34.Rb1 d2 35.Rd1
Kd7 36.Kf2 Kc6 37.Ke2 Kd5 38.Rb1 Ra4 39.Rf1 Rd4 40.Kd1 Ke4 41.Rg1 Kxf4 42.Rf1+
Ke3 {#R} 0-1

[Event "Bermuda Chess Cup 2017"]
[Site "Bermuda"]
[Date "2017.12.03"]
[Round "4.2"]
[White "Gontcharov, Serguei"]
[Black "Dacres, Don"]
[Result "1-0"]
[WhiteElo "1872"]
[BlackElo "1750"]

1.e4 c5 2.c3 Nf6 3.e5 Nd5 4.Nf3 d6 5.d4 Bg4 6.dxc5 dxc5 7.Bb5+ Nc6 8.Bxc6+
bxc6 9.O-O e6 10.Qa4 Qc7 11.Qxg4 g6 12.Nbd2 Bg7 13.Nc4 O-O 14.Qh4 f6 15.exf6
Rxf6 16.Ng5 h5 17.Ne4 Rf7 18.Qg3 Nf4 19.Bxf4 Qxf4 20.Qxf4 Rxf4 21.f3 Raf8
22.Rad1 g5 23.Rd6 g4 24.Rxe6 gxf3 25.gxf3 R8f7 26.Rxc6 Bf8 27.Ne5 R7f5 28.Ng6
Rxf3 29.Rxf3 Rxf3 30.Nxf8 Rxf8 31.Nf6+ Kf7 32.Nxh5 Ke7 33.Rxc5 Kd6 34.Ra5 Kc6
35.Rxa7 Kb5 36.Ng3 Kc4 37.Kg2 Kb5 38.h4 Kb6 39.Rd7 Kc6 40.Rd4 Kc5 41.b4+ Kb5
42.h5 Rf6 43.Rd5+ Kc6 44.c4 Rf4 45.Rc5+ Kb6 46.h6 Rh4 47.Rh5 Rxc4 48.h7 Rc2+
49.Kh3 Rxa2 50.h8=Q {#r} 1-0

[Event "Bermuda Chess Cup 2017"]
[Site "Bermuda"]
[Date "2017.12.03"]
[Round "4.1"]
[White "Mufandaedza, Moses"]
[Black "Lill, Sami"]
[Result "1-0"]
[WhiteElo "1929"]
[BlackElo "1837"]

1.d4 Nf6 2.c4 c5 3.d5 e6 4.Nc3 g6 5.e4 d6 6.Be2 Bg7 7.h4 exd5 8.cxd5 h5 9.f3
a6 10.a4 Bd7 11.Bg5 Qe7 12.Qd2 b6 13.Bd3 Qe5 14.Nge2 Ra7 15.O-O O-O 16.Bh6 Bc8
17.Rae1 Kh7 18.Bxg7 Kxg7 19.Nd1 Ng8 20.f4 Qf6 21.g3 Bh3 22.Rf2 Nh6 23.Ne3 Ng4
24.Nxg4 Bxg4 25.f5 gxf5 26.Ref1 Qh6 27.Qc3+ Kg8 28.exf5 Re7 29.Nf4 Re3 30.Qd2
Rxg3+ 31.Kh2 Rxd3 32.Nxd3 Qf6 33.Qg5+ Qxg5 34.hxg5 Nd7 35.Re1 a5 36.b3 Kg7
37.Re7 Rd8 38.g6 Ne5 39.Nxe5 dxe5 40.Rxf7+ Kh6 41.Rh7+ Kg5 42.g7 Rg8 43.f6 Kg6
44.Rh8 Rxg7 45.fxg7 Kxg7 {#r} 1-0

[Event "Bermuda Chess Cup 2017"]
[Site "Bermuda"]
[Date "2017.12.12"]
[Round "4.3"]
[White "Dacres, Don"]
[Black "Gontcharov, Serguei"]
[Result "1-0"]
[WhiteElo "1750"]
[BlackElo "1872"]

1.d4 Nf6 2.c4 c5 3.d5 b5 4.b3 Qa5+ 5.Bd2 b4 6.a4 d6 7.f3 g6 8.Qc1 Bg7 9.Bh6
O-O 10.h4 e6 11.e4 Re8 12.Bxg7 Kxg7 13.h5 exd5 14.cxd5 Ba6 15.hxg6 fxg6
16.Qh6+ Kg8 17.Ne2 Bxe2 18.Bxe2 Qc7 19.Nd2 Qg7 20.Qxg7+ Kxg7 21.Nc4 Rd8 22.Na5
a6 23.Kf2 Ra7 24.Rad1 Rf8 25.Ke3 Re7 26.Kd2 Nh5 27.Rhg1 Ng3 28.Bc4 g5 29.Rde1
h5 30.Nc6 Nxc6 31.dxc6 a5 32.Re3 h4 33.Rge1 Rc7 34.e5 dxe5 35.Rxe5 Rf5 36.Re7+
Rxe7 37.Rxe7+ Kh6 38.Re8 Rf6 39.c7 Rd6+ 40.Kc2 {#r} 1-0

[Event "Bermuda Chess Cup 2017"]
[Site "Bermuda"]
[Date "2017.12.19"]
[Round "4.4"]
[White "Gontcharov, Serguei"]
[Black "Dacres, Don"]
[Result "1-0"]
[WhiteElo "1872"]
[BlackElo "1750"]

1.e4 c5 2.c3 g6 3.d4 cxd4 4.cxd4 Bg7 5.Nc3 Nc6 6.Nf3 d6 7.Bb5 Bd7 8.O-O Nf6
9.d5 Ne5 10.Nxe5 Bxb5 11.Nxf7 Kxf7 12.Nxb5 Nxe4 13.Qe2 Nf6 14.Qe6+ Ke8 15.Re1
Kf8 16.Bf4 Ne8 17.Re2 Nc7 18.Nxc7 Qxc7 19.Rae1 Bf6 20.Bh6+ Bg7 21.Bxg7+ Kxg7
22.Qxe7+ Qxe7 23.Rxe7+ Kh6 24.Rxb7 Rhe8 25.Kf1 Rxe1+ 26.Kxe1 Re8+ 27.Kd2 Re5
28.Rxa7 Rxd5+ 29.Ke3 Re5+ 30.Kd2 g5 31.b4 Kg6 32.a4 h5 33.b5 Rd5+ 34.Ke3 Re5+
35.Kd4 Kf6 36.b6 Re8 37.Kd5 Re5+ 38.Kxd6 Re6+ 39.Kc7 Re7+ 40.Kd8 Re2 41.b7
Rd2+ 42.Kc8 Rc2+ 43.Kb8 Ke7 44.Ka8 {#r} 1-0

[Event "Bermuda Chess Cup 2017"]
[Site "Bermuda"]
[Date "2017.12.19"]
[Round "4.3"]
[White "Mufandaedza, Moses"]
[Black "Lill, Sami"]
[Result "1-0"]
[WhiteElo "1924"]
[BlackElo "1850"]

1.d4 Nf6 2.c4 e6 3.Nf3 b6 4.g3 d5 5.Bg2 Bb7 6.O-O dxc4 7.Qa4+ Qd7 8.Qxc4 Bd5
9.Ne5 Qd6 10.Qa4+ c6 11.f3 b5 12.Qd1 c5 13.Bf4 Qb6 14.e4 Bb7 15.dxc5 Bxc5+
16.Kh1 O-O 17.Nc3 Rd8 18.Qc2 Nh5 19.Bc1 Nc6 20.Nxc6 Bxc6 21.g4 Nf6 22.Bg5 h6
23.Bh4 Rd7 24.Rfd1 Rc8 25.Bxf6 gxf6 26.Rxd7 Bxd7 27.Qd2 b4 28.Nd1 Rd8 29.Qxh6
Ba4 30.b3 Bd4 31.Rc1 Bb5 32.h4 Qd6 33.f4 Be2 34.Rb1 Qc7 35.e5 Qc2 36.exf6 Bxf6
37.Qxf6 Rxd1+ 38.Rxd1 Qxd1+ 39.Kh2 Bxg4 40.Kg3 Bf5 41.Qg5+ Kf8 42.h5 Qd3+
43.Kh2 a5 44.h6 Bg6 45.Qf6 Ke8 46.Bc6+ {#r} 1-0

[Event "Bermuda Chess Cup 2017"]
[Site "Bermuda Housing Corporation"]
[Date "2017.12.12"]
[Round "4.2"]
[White "Lill, Sami"]
[Black "Mufandaedza, Moses"]
[Result "0-1"]
[WhiteElo "1850"]
[BlackElo "1924"]

1.e4 e5 2.Bc4 Nf6 3.Nc3 Bb4 4.d3 d5 5.exd5 Nxd5 6.Bd2 c6 7.Qf3 Be6 8.a3 Be7
9.Nge2 O-O 10.Ne4 Kh8 11.h4 Qd7 12.Qg3 f5 13.Ng5 f4 14.Qh2 Bg8 15.g3 b5 16.Bb3
Bf6 17.Ne4 Na6 18.Rg1 f3 19.Nc1 Qg4 20.c3 Rad8 21.Bd1 Be7 22.Nb3 Nf6 23.Ng5
Rxd3 24.Nc1 Rxd2 25.Kxd2 Ne4+ 26.Ke1 Nxg5 27.Bc2 Ne4 28.Nd3 Nac5 29.Kd1 Rd8
{#R} 0-1